|
|
|
|
| LEADER |
02991nam a22003973i 4500 |
| 001 |
EBC6955756 |
| 003 |
MiAaPQ |
| 005 |
20231204023223.0 |
| 006 |
m o d | |
| 007 |
cr cnu|||||||| |
| 008 |
231204s2015 xx o ||||0 ger d |
| 020 |
|
|
|a 9783839408285
|q (electronic bk.)
|
| 020 |
|
|
|z 9783899428285
|
| 035 |
|
|
|a (MiAaPQ)EBC6955756
|
| 035 |
|
|
|a (Au-PeEL)EBL6955756
|
| 035 |
|
|
|a (OCoLC)1049913292
|
| 040 |
|
|
|a MiAaPQ
|b eng
|e rda
|e pn
|c MiAaPQ
|d MiAaPQ
|
| 100 |
1 |
|
|a Alloa, Emmanuel.
|
| 245 |
1 |
0 |
|a Nicht(s) sagen :
|b Strategien der Sprachabwendung im 20. Jahrhundert.
|
| 250 |
|
|
|a 1st ed.
|
| 264 |
|
1 |
|a Bielefeld :
|b transcript,
|c 2015.
|
| 264 |
|
4 |
|c ©2015.
|
| 300 |
|
|
|a 1 online resource (309 pages)
|
| 336 |
|
|
|a text
|b txt
|2 rdacontent
|
| 337 |
|
|
|a computer
|b c
|2 rdamedia
|
| 338 |
|
|
|a online resource
|b cr
|2 rdacarrier
|
| 490 |
1 |
|
|a Edition Moderne Postmoderne
|
| 505 |
0 |
|
|a Cover Nicht(s) sagen -- Inhalt -- Einleitung -- GRENZEN DER SAGBARKEIT -- Schwierigkeiten des Sagens, Gründe des Verstummens -- »Sagen, was sich eigentlich nicht sagen lässt« - Adorno, Blumenberg und andere Leser Wittgensteins -- Der Rest ist Schweigen - Wittgensteins Philosophie als Sprechverweigerung -- WIE NICHT SPRECHEN: EINEDEBATTE -- Lobpreis oder Preisgabe? Eine mehrfach vertagte Diskussion zwischen Marion und Derrida -- Wie gesprochen werden? Zur Passion der Rede bei Derrida -- Emmanuel Lévinas: Das skeptische Sprechen -- PHILOSOPHISCH-POETISCHE ARCHÄOLOGIEN NICHT-AFFIRMATIVER REDE -- Stilo obscuro? Zur Sprache des Dionysius Areopagita -- Kierkegaards beredte Sigetik. Ein Beitrag zur Vorgeschichte postmoderner Entsagungsstrategien -- Paradoxologisches Sprechen als Triumph der Sprache - Mallarmés Lyrik des »blanc« -- ÜBER DAS VERSTUMMEN HINAUS -- Über die Unmöglichkeit der Dichtung, die Stille zu ersteigen. Zu einem Wort Paul Celans -- »τ̔̈2026;ein Reden und ein Denken, das nicht wir haben«. Zur Figur der indirekten Rede bei Maurice Merleau-Ponty -- »I say to you that I am dead.« E.A. Poe, Roland Barthes und Michel Foucault über das Vertrocknen der Sprache -- ENTHALTUNG, PASSIVITÄT, POTENTIALITÄT -- »L'écriture et l'indifférence« - Der Fall Bartleby -- Enthaltung als Chance? Ein Gespräch über radikale Passivität bei Giorgio Agamben -- Über negative Potentialität -- Autorinnen und Autoren.
|
| 588 |
|
|
|a Description based on publisher supplied metadata and other sources.
|
| 590 |
|
|
|a Electronic reproduction. Ann Arbor, Michigan : ProQuest Ebook Central, 2023. Available via World Wide Web. Access may be limited to ProQuest Ebook Central affiliated libraries.
|
| 655 |
|
4 |
|a Electronic books.
|
| 700 |
1 |
|
|a Lagaay, Alice.
|
| 776 |
0 |
8 |
|i Print version:
|a Alloa, Emmanuel
|t Nicht(s) sagen
|d Bielefeld : transcript,c2015
|z 9783899428285
|
| 797 |
2 |
|
|a ProQuest (Firm)
|
| 830 |
|
0 |
|a Edition Moderne Postmoderne
|
| 856 |
4 |
0 |
|u https://ebookcentral.proquest.com/lib/matrademy/detail.action?docID=6955756
|z Click to View
|